| 000 | 00502nam a2200193 4500 | ||
|---|---|---|---|
| 003 | SEACOMEC | ||
| 005 | 20240322113053.0 | ||
| 008 | 240322b |||||||| |||| 00| 0 eng d | ||
| 020 |
_a 978-0071232135 _cRs.475.00 |
||
| 040 | _aSEACOMEC | ||
| 041 | _aEnglish | ||
| 082 |
_a541 _bL665 |
||
| 100 | _aLevine, Ira N. | ||
| 245 |
_aPhysical Chemistry _c Ira N. Levine |
||
| 260 |
_aNew Delhi _bMcGraw-Hill Higher Education _c2005 |
||
| 300 |
_a 976p _c23cm |
||
| 650 | _aPhysical Chemistry | ||
| 942 | _cBOOK | ||
| 999 |
_c835 _d835 |
||